Derechos que derivan de la libertad de conocimiento libre circulaciòn en Europa (Registro nro. 60237)
[ vista simple ]
| 000 -CABECERA | |
|---|---|
| Campo de control interno | nam a22 7a 4500 |
| 005 - FECHA Y HORA DE LA CATALOGACION | |
| Campo de control | 20210412183346.0 |
| 008 - ELEMENTOS DE LONGITUD FIJA - INFORMACION | |
| Elementos de Longitud Fija - Informaci | 210412b xxu||||| |||| 00| 0 eng d |
| 040 ## - ORIGEN DE LA CATALOGACION | |
| Origen de la Catalogación | ANE |
| 041 ## - CODIGO DE LENGUAJE | |
| Código de lenguaje del texto | Es |
| 245 ## - TÍTULO GENERAL | |
| Título | Derechos que derivan de la libertad de conocimiento libre circulaciòn en Europa |
| 300 ## - DESCRIPCION | |
| Número de páginas | 36 p. |
| 856 ## - URL - Ubicaci | |
| URI/URL | http://documentacion.asambleanacional.gob.ec/alfresco/d/d/workspace/SpacesStore/dc284c3f-9d09-4eeb-933a-778e105a8874/Art%c3%acculo%20Derechos%20que%20derivan%20de%20la%20libertad%20de%20conocimiento%20libre%20circulaci%c3%b2n%20en%20Europa.pdf |
| 942 ## - ELEMENTOS DE KOHA | |
| Esquema de Clasificaci | |
| Tipo de Documento | Biblioteca Virtual |
| Catalogador | Nr. |
| Withdrawn status | Lost status | Fuente de Clasificaci | Damaged status | Not for loan | Ubicaci | Biblioteca | Fecha de Adquisición | Vía de adquisición | Signatura Topogr | Código de barras | Date last seen | Price effective from | Tipo de Item |
|---|---|---|---|---|---|---|---|---|---|---|---|---|---|
| Biblioteca Asamblea Nacional | Biblioteca Asamblea Nacional | 2021-04-12 | Donación | Artículo | 42487 | 2021-04-12 | 2021-04-12 | Biblioteca Virtual |